000 00459pab a2200181 454500
008 180718b2009 xxu||||| |||| 00| 0 eng d
100 _aPradhan, Manas Ranjan
245 _aFemale sterilization and ethical issues: the Indian experience
260 _c2009
300 _ap.365-87.
362 _aSep
650 _aFamily planning - India
650 _aFamily planning
700 _aRam, Usha
773 _aSocial Change
908 _aN
909 _a84505
999 _c84505
_d84505